000 00540nam a2200205Ia 4500
005 20250508162131.0
008 008 250505s9999 xx 000 0 eng d
020 _a0-582-49032-4
037 _aTextBook
040 _aFEDL
_beng
_cFEDL
041 _aeng
_2eng
084 _a001.4, HUG
_qFEDL
100 _aHughes John
245 0 _aPhilosophy social research
260 _aLondon, UK
_bLongmans, Green and Co.
_c1980
300 _a138p
650 _aEducation
942 _cTB
_h001.4, HUG
999 _c1374583
_d1374583